| 000 | 00389nam a22001337a 4500 | ||
|---|---|---|---|
| 020 | _a0821340328 | ||
| 082 |
_a363.73925095 _bURB _cD |
||
| 245 |
_aUrban air quality management strategy in asia/ _cSteinar Larssen |
||
| 260 |
_aWashington: _bThe World Bank, _cc1997. |
||
| 300 |
_axiv, 171 p. : _c30 cm. |
||
| 526 |
_a0 _b0 _c0 _d363_739250950000000_URB |
||
| 650 | _aMCE (D) | ||
| 942 |
_2ddc _cBK |
||
| 999 |
_c542853 _d542853 |
||